| 000 | 00455nam a22001697a 4500 | ||
|---|---|---|---|
| 999 |
_c524426 _d524426 |
||
| 003 | NUST | ||
| 038 | _awaseem | ||
| 082 |
_a297.642 _bBAK |
||
| 100 |
_aBukhari, Sajad _915245 |
||
| 245 |
_aMominaan Diyaan Mawaan / _cSajad Bukhari |
||
| 260 |
_aJhang : _bKitaab Publications, _c2001. |
||
| 300 | _a85 p, ; | ||
| 500 | _aHardcover. | ||
| 880 |
_6100-01\r _aسجاد بخاری |
||
| 880 |
_6245-02\r _aمومناں دیاں ماواں / |
||
| 942 |
_2ddc _cBK |
||